| 000 | 00548nam a22001817a 4500 | ||
|---|---|---|---|
| 005 | 20260205021343.0 | ||
| 008 | 220217b |||||||| |||| 00| 0 eng d | ||
| 020 | _a978-0-07-131235-6 | ||
| 040 | _cJHCSC | ||
| 041 | _aeng | ||
| 082 |
_27 _a005.1 P935 2012 |
||
| 100 |
_910117 _aRoger S. Pressman _eAuthor |
||
| 245 |
_aSoftware Engineering _bA Practitioner's Approach _cRoger S. Pressman |
||
| 250 | _aSeventh Edition | ||
| 260 |
_aNew York _bMcGraw-Hill Book Companies,Inc. _c2010 |
||
| 300 |
_axxviii, 895p. _billustrations. |
||
| 942 |
_2ddc _cBOOK |
||
| 999 |
_c11327 _d11327 |
||